000 00519nam a2200193Ia 4500
003 GCL
008 140319s9999 xx 000 0 eng d
040 _aGCL /
_cGCL
082 0 4 _a672.32
_bG H
100 1 _aGINZBURG, VLADIMIR B.
245 1 0 _aHIGH-QUALITY STEEL ROLLING: THEORY AND PRACTICE /
_cGINZBURG, VLADIMIR B.
700 1 _aBALLAS, ROBRNT
260 _a[S.N] :
_bMARCEL DEKKER, INC ،
_c1993
300 _a816 PP
650 0 4 _aSTEEL WORK
650 0 4 _aROLLING
650 0 4 _aWORK METAL
942 _2ddc
_cBK
999 _c15216
_d15216